Antecedentes penales en la Argentina : análisis práctico de la Ley 22.117 /

Guardado en:
Autor Principal: Carnevale, Carlos A.
Formato: Libro
Idioma:Spanish
Publicado: Buenos Aires : Ad-Hoc, 2018.
Edición:1a. ed.
Materias:
Etiquetas: Agregar Etiqueta
Sin Etiquetas, Sea el primero en etiquetar este registro!
LEADER 00705nam a22001695a 4500
001 DER.der014576
008 200218s2018####ag#||||||||||||||#||spa||
005 20250717152612.0
245 1 0 |a Antecedentes penales en la Argentina :  |b análisis práctico de la Ley 22.117 /  |c Carlos A. Carnevale. 
250 |a 1a. ed. 
260 |a Buenos Aires :  |b Ad-Hoc,  |c 2018. 
300 |a 334 p. 
505 0 |a Resocialización y reinserción laboral. Solicitud para empleo público o privado. Licencia para conducir. Suspensión del juicio a prueba. Cancelación del registro. Situación de migrantes 
020 |a 9789877451177 
100 1 |a Carnevale, Carlos A. 
650 7 |a DERECHO PENAL 
859 |a DERECHO  |b BIB. DERECHO  |h 345  |i CAR  |p 009867